<?xml version="1.0" encoding="UTF-8"?>
<record
    xmlns:xsi="http://www.w3.org/2001/XMLSchema-instance"
    xsi:schemaLocation="http://www.loc.gov/MARC21/slim http://www.loc.gov/standards/marcxml/schema/MARC21slim.xsd"
    xmlns="http://www.loc.gov/MARC21/slim">

  <leader>00786nam a2200241Ia 4500</leader>
  <datafield tag="999" ind1=" " ind2=" ">
    <subfield code="c">40214</subfield>
    <subfield code="d">40214</subfield>
  </datafield>
  <controlfield tag="001">6821</controlfield>
  <controlfield tag="003">GE_BSU</controlfield>
  <controlfield tag="005">20221101112958.0</controlfield>
  <controlfield tag="008">181216s2006ru  xx |||||||||||||| ||rus||</controlfield>
  <datafield tag="020" ind1=" " ind2=" ">
    <subfield code="a">5 98111 063 5</subfield>
  </datafield>
  <datafield tag="040" ind1=" " ind2=" ">
    <subfield code="c">GE_BSU</subfield>
  </datafield>
  <datafield tag="041" ind1=" " ind2=" ">
    <subfield code="a">rus</subfield>
  </datafield>
  <datafield tag="080" ind1=" " ind2=" ">
    <subfield code="a">651.5 &#x436;-42</subfield>
  </datafield>
  <datafield tag="100" ind1=" " ind2=" ">
    <subfield code="a">&#x416;&#x434;&#x430;&#x43D;&#x43E;&#x432;, &#x410;.&#x410;.</subfield>
    <subfield code="9">15685</subfield>
  </datafield>
  <datafield tag="245" ind1=" " ind2=" ">
    <subfield code="a">&#x414;&#x435;&#x43B;&#x43E;&#x432;&#x44B;&#x435; &#x43F;&#x438;&#x441;&#x44C;&#x43C;&#x430; &#x438; &#x43A;&#x43E;&#x43D;&#x442;&#x440;&#x430;&#x43A;&#x442;&#x44B; &#x43D;&#x430; &#x440;&#x443;&#x441;&#x441;&#x43A;&#x43E;&#x43C;, &#x430;&#x43D;&#x433;&#x43B;&#x438;&#x439;&#x441;&#x43A;&#x43E;&#x43C;, &#x43D;&#x435;&#x43C;&#x435;&#x446;&#x43A;&#x43E;&#x43C; &#x44F;&#x437;&#x44B;&#x43A;&#x430;&#x445;  /</subfield>
    <subfield code="c"> &#x410;.&#x410;. &#x416;&#x434;&#x430;&#x43D;&#x43E;&#x432;,  &#x418;.&#x424;. &#x416;&#x434;&#x430;&#x43D;&#x43E;&#x432;&#x430;.</subfield>
  </datafield>
  <datafield tag="250" ind1=" " ind2=" ">
    <subfield code="a">2-&#x435; &#x438;&#x437;&#x434;.</subfield>
  </datafield>
  <datafield tag="260" ind1=" " ind2=" ">
    <subfield code="c">2006</subfield>
  </datafield>
  <datafield tag="264" ind1=" " ind2=" ">
    <subfield code="a">&#x41C;&#x43E;&#x441;&#x43A;&#x432;&#x430; :</subfield>
    <subfield code="b">&#x424;&#x438;&#x43B;&#x43E;&#x43C;&#x430;&#x442;&#x438;&#x441;,</subfield>
    <subfield code="c">2006.</subfield>
  </datafield>
  <datafield tag="300" ind1=" " ind2=" ">
    <subfield code="a">283 &#x441;:.</subfield>
    <subfield code="b"> 20 &#x441;&#x43C;.</subfield>
  </datafield>
  <datafield tag="653" ind1=" " ind2=" ">
    <subfield code="a">&#x414;&#x435;&#x43B;&#x43E;&#x432;&#x44B;&#x435; &#x43F;&#x438;&#x441;&#x44C;&#x43C;&#x430;. &#x41A;&#x43E;&#x43D;&#x442;&#x440;&#x430;&#x43A;&#x442;&#x44B;</subfield>
  </datafield>
  <datafield tag="700" ind1=" " ind2=" ">
    <subfield code="a">&#x416;&#x434;&#x430;&#x43D;&#x43E;&#x432;&#x430;, &#x418;.&#x424;.</subfield>
    <subfield code="9">15686</subfield>
  </datafield>
  <datafield tag="942" ind1=" " ind2=" ">
    <subfield code="c">BK</subfield>
    <subfield code="2">udc</subfield>
  </datafield>
  <datafield tag="952" ind1=" " ind2=" ">
    <subfield code="0">0</subfield>
    <subfield code="1">0</subfield>
    <subfield code="2">udc</subfield>
    <subfield code="4">0</subfield>
    <subfield code="6">6515_&#x416;42</subfield>
    <subfield code="7">0</subfield>
    <subfield code="9">44592</subfield>
    <subfield code="a">CPL</subfield>
    <subfield code="b">CPL</subfield>
    <subfield code="c">GEN</subfield>
    <subfield code="d">2018-12-17</subfield>
    <subfield code="g">4.00</subfield>
    <subfield code="o">651.5 &#x436;-42</subfield>
    <subfield code="p">6837</subfield>
    <subfield code="r">2018-12-17</subfield>
    <subfield code="t">6837</subfield>
    <subfield code="w">2018-12-17</subfield>
    <subfield code="y">BK</subfield>
    <subfield code="z">4.00</subfield>
  </datafield>
</record>
